|
|
|
|
| LEADER |
02091nam a2200325 i 4500 |
| 001 |
32399 |
| 008 |
130513s2013 bg b 001 0 beno |
| 999 |
|
|
|c 38672
|d 38672
|
| 020 |
|
|
|a 9789849019374
|
| 037 |
|
|
|b Development Book Agency (DBA)
|
| 040 |
|
|
|a BD-DhAAL
|b ben
|
| 050 |
0 |
0 |
|a HC440.8
|b .K4857 2013
|
| 082 |
|
|
|a 338.95492
|2 22
|
| 100 |
1 |
|
|a খান, আকবর আলি
|d 1944-
|9 24122
|
| 245 |
1 |
0 |
|a আজব ও জবর-আজব অর্থনীতি /
|c আকবর আলি খান
|
| 246 |
3 |
1 |
|a Ajob o jobor -ajob arthoniti
|
| 260 |
|
|
|a ঢাকা :
|b প্রথমা প্রকাশন,
|c ২০১৩
|
| 300 |
|
|
|a ২৭৯ পৃষ্ঠা :
|c চিত্র ;
|b ২২ সে. মি.
|
| 504 |
|
|
|a Includes bibliographical references and index.
|
| 520 |
|
|
|a Articles on economic conditions of Bangladesh.
|
| 526 |
|
|
|a AAL
|
| 541 |
|
|
|a Development Book Agency (DBA)
|e 32399
|
| 546 |
|
|
|a In Bengali.
|
| 651 |
|
0 |
|a Bangladesh
|x Economic policy
|9 24123
|
| 942 |
|
|
|2 ddc
|c BK
|
| 952 |
|
|
|0 0
|1 0
|2 ddc
|4 0
|6 338_954920000000000_KHA
|7 0
|9 62049
|a BRACUL
|b BRACUL
|c GEN
|d 2017-11-29
|e Development Book Agency
|g 500.00
|l 7
|m 61
|o 338.95492 KHA
|p 3010032396
|q 2026-05-21
|r 2026-05-09
|s 2026-05-09
|t 2
|v 500.00
|w 2017-11-29
|y BK
|
| 952 |
|
|
|0 0
|1 0
|2 ddc
|4 0
|6 338_954920000000000_KHA
|7 0
|9 62050
|a BRACUL
|b BRACUL
|c GEN
|d 2017-11-29
|e Development Book Agency
|g 500.00
|l 2
|m 45
|o 338.95492 KHA
|p 3010032398
|r 2022-08-29
|s 2020-03-16
|t 4
|v 500.00
|w 2017-11-29
|y BK
|
| 952 |
|
|
|0 0
|1 0
|2 ddc
|4 0
|6 338_954920000000000_KHA
|7 0
|9 62051
|a BRACUL
|b BRACUL
|c GEN
|d 2017-11-29
|e Development Book Agency
|g 500.00
|l 6
|m 92
|o 338.95492 KHA
|p 3010032397
|r 2024-06-22
|s 2024-03-02
|t 3
|v 500.00
|w 2017-11-29
|y BK
|
| 952 |
|
|
|0 0
|1 0
|2 ddc
|4 0
|6 338_954920000000000_KHA
|7 0
|9 62052
|a BRACUL
|b BRACUL
|c GEN
|d 2017-11-29
|e Development Book Agency
|g 500.00
|l 6
|m 16
|o 338.95492 KHA
|p 3010032395
|r 2025-11-09
|s 2025-10-28
|t 1
|v 500.00
|w 2017-11-29
|y BK
|
| 952 |
|
|
|0 0
|1 0
|2 ddc
|4 0
|6 338_954920000000000_KHA
|7 0
|9 62053
|a BRACUL
|b BRACUL
|c GEN
|d 2017-11-29
|e Development Book Agency
|g 500.00
|l 2
|m 30
|o 338.95492 KHA
|p 3010032399
|r 2024-07-08
|s 2024-01-27
|t 5
|v 500.00
|w 2017-11-29
|y BK
|